| 000 | 00693nam a22002177a 4500 | ||
|---|---|---|---|
| 999 |
_c15783 _d15783 |
||
| 003 | AR-CdUCM | ||
| 008 | 190430b ||||| |||| 00| 0 spa d | ||
| 040 |
_aMUNICIPALIDAD PROVINCIAL DEL CUSCO _cBIBLIOTECA MUNICIPAL DEL CUSCO |
||
| 082 |
_aEP / 808.83 / _bP95 |
||
| 245 | _aPulgarcito / | ||
| 260 |
_aPerú : _bNavarrete. |
||
| 300 |
_bilustraciones, _c42 cm. |
||
| 440 |
_aColección Colorín "Cuentos para Colorear". _934981 |
||
| 650 |
_aCuentos infantiles _93927 |
||
| 650 |
_aAprendizaje _92143 |
||
| 650 |
_aLiteratura infantil _9588 |
||
| 650 |
_aTextos infantiles _933764 |
||
| 710 |
_aCorporación Gráfica Navarrete. _933296 |
||
| 942 |
_2ddc _cLIBROS |
||
| 945 |
_aachl _d2019-04-30 |
||